¿Puedes mencionar a las ciudades europeas mas pobladas? - Estadísticas

Estadísticas generales
  • Esta prueba ha sido intentada 78 veces
  • La puntuación promedio es 11 de 15
Estadísticas de respuestas
Población Ciudad % Correcto
3.2 millones Madrid
99%
2.1 millones París
99%
8.8 millones Londres
97%
13.11 millones Moscú
97%
2.76 millones Roma
94%
3.4 millones Berlín
93%
15.66 millones Estambul
82%
3 millones Kiev
76%
5.6 millones San Petersburgo
75%
1.85 millones Varsovia
68%
1.73 millones Bucarest
62%
2 millones Viena
56%
1.94 millones Hamburgo
37%
2 millones Minsk
37%
2.3 millones Bakú
4%
No se encontraron pruebas coincidentes
Distribución de puntuación
Porcentaje de gente con cada puntuación
Porcentaje por número respondido
Historial de tus puntuaciones
No has intentado esta prueba.